Las ciudades latinoamericanas en el nuevo des-orden mundial

Wedi'i Gadw mewn:
Manylion Llyfryddiaeth
Prif Awduron: Navia Lucero, Patricio (autor), Zimmermann, Marc (Awdur)
Fformat: Llyfr
Iaith:Sbaeneg
Cyhoeddwyd: Ciudad de México Siglo Veintiuno 2004
Rhifyn:1a. ed
Pynciau:
Tagiau: Ychwanegu Tag
Dim Tagiau, Byddwch y cyntaf i dagio'r cofnod hwn!

MARC

LEADER 00000cam a2200000 a 4500
001 UCH8934
003 CL-VaPUC
008 091217e20040000MX |||||||||||||||||spa|d
020 |a 978968232453X 
082 0 4 |a 301  |b NAV  |2 21 
100 |a Navia Lucero, Patricio  |e autor  |9 561600 
700 0 |a Zimmermann, Marc  |e author  |9 545696 
245 1 4 |a Las ciudades latinoamericanas en el nuevo des-orden mundial 
250 |a 1a. ed 
300 |a 443 p 
942 |c BK 
945 |d 20091217 00:00:00  |a rbrito 
260 |a Ciudad de México  |b Siglo Veintiuno  |c 2004 
650 0 |a Sociología   |9 255410 
650 0 |a Política  |9 255312 
583 |a last modification  |c 20130305 01:53:07  |k Rodrigo Vera 
999 |c 339015  |d 339013 
952 |0 0  |1 0  |4 0  |6 301_000000000000000_NAV_2004  |7 0  |8 A  |9 432366  |a BIBEDU  |b BIBEDU  |d 2019-11-22  |i 4626303  |o 301 NAV 2004  |p 4626303  |r 2019-11-22  |w 2019-11-22  |y BK  |k LIT 
952 |0 0  |1 0  |4 0  |6 301_000000000000000_NAV_2004  |7 0  |8 A  |9 432367  |a BIBING  |b BIBING  |d 2019-11-22  |i 4953134  |o 301 NAV 2004  |p 4953134  |r 2025-01-20  |w 2019-11-22  |y BK  |k GEO 
952 |0 0  |1 0  |3 erb  |4 0  |6 301_000000000000000_NAV_2004  |7 0  |8 A  |9 432368  |a BIBING  |b BIBING  |i 5134617  |o 301 NAV 2004  |p 5134617  |r 2025-01-20  |w 2019-11-22  |y BK  |z Catalogado en:20150109  |k GEO